[Event "Fagernes Chess International"]
[Site "Thon Hotell Fagernes"]
[Date "2016.03.20"]
[Round "5"]
[White "Gutsko, Anastasia"]
[Black "Dahl, Trygve"]
[Result "1/2-1/2"]
[WhiteElo "2154"]
[BlackElo "2201"]
[PlyCount "122"]
[EventDate "2016.??.??"]

1. e4 Nf6 2. e5 Nd5 3. d4 Nb6 4. c4 d6 5. exd6 cxd6 6. Nc3 g6 7. Be3 Bg7 8. Qd2
Nc6 9. O-O-O O-O 10. Be2 d5 11. cxd5 Nxd5 12. Bh6 Nxc3 13. bxc3 Bxh6 14. Qxh6
Qd5 15. Qd2 Na5 16. Bf3 Qb5 17. Qb2 Qa4 18. Ne2 Be6 19. d5 Bd7 20. Rd4 Nc4 21.
Qb3 Rac8 22. Qxa4 Bxa4 23. Re4 Rc7 24. Re1 Rfc8 25. Nd4 Nd6 26. Rxe7 Rxc3+ 27.
Kb2 Rd3 28. Nb3 Bxb3 29. axb3 Rd2+ 30. Ka1 Rcc2 31. R7e2 Ra2+ 32. Kb1 Rab2+ 33.
Ka1 Rxe2 34. Rxe2 Rxb3 35. Ka2 Rb6 36. Rc2 Kg7 37. Rc7 Kf6 38. h4 Ke5 39. g3 h5
40. Re7+ Kd4 41. Bd1 Kc3 42. Re3+ Kd4 43. Re7 Ne4 44. Bc2 Nc3+ 45. Ka1 Nxd5 46.
Rxf7 Kc3 47. Be4 Kd4 48. f3 Nc3 49. Rd7+ Kc4 50. Bc2 Ra6+ 51. Kb2 Na4+ 52. Kc1
Nc5 53. Rc7 b5 54. Kb2 Kd4 55. Rg7 Nd3+ 56. Kb3 Rd6 57. Rxa7 Ne5 58. Rg7 Ke3
59. Re7 Kd4 60. Rg7 Nd3 61. Re7 Ne5
1/2-1/2

[Event "Fagernes Chess International"]
[Site "Thon Hotell Fagernes"]
[Date "2016.03.20"]
[Round "5"]
[White "GrÃ¸nnestad, Anita"]
[Black "LÃ¸bersli, Henrik Ã~ie"]
[Result "0-1"]
[WhiteElo "1957"]
[BlackElo "2134"]
[PlyCount "110"]
[EventDate "2016.??.??"]

1. d4 Nf6 2. c4 e6 3. Nf3 d5 4. g3 dxc4 5. Qa4+ Nbd7 6. Qxc4 a6 7. Bg2 b5 8.
Qc2 Bb7 9. O-O c5 10. dxc5 Bxc5 11. Nc3 O-O 12. Bg5 Rc8 13. a3 h6 14. Bxf6 Nxf6
15. Rad1 Qc7 16. Qb1 Qb6 17. h3 Rfd8 18. Rc1 a5 19. b4 axb4 20. axb4 Bf8 21.
Ne1 Bxg2 22. Kxg2 Rc4 23. Na2 Rd2 24. Rxc4 bxc4 25. Nf3 Rd8 26. b5 Nd5 27. Ne5
Rc8 28. e4 Nf6 29. Nc6 Qc5 30. Nc3 Ra8 31. Rd1 Ra3 32. Qc2 Rb3 33. Rd8 Qa3 34.
Nb1 Qc5 35. Nc3 g6 36. e5 Nh7 37. Nb8 Qb6 38. Nc6 Rxb5 39. Qe4 Ng5 40. Ne7+ Kg7
41. Qa8 Qb7+ 42. Nc6 Qxa8 43. Rxa8 Rb3 44. Ne2 Ne4 45. Ncd4 Rd3 46. Rd8 Be7 47.
Rd7 Kf8 48. Rc7 Bc5 49. Nb5 Rd2 50. Kf3 Ng5+ 51. Kg2 Rxe2 52. Rxc5 Rxf2+ 53.
Kh1 Nf3 54. Rc8+ Kg7 55. Nd6 Rh2#
0-1

[Event "Fagernes Chess International"]
[Site "Thon Hotell Fagernes"]
[Date "2016.03.20"]
[Round "5"]
[White "Hølleland, Sigve"]
[Black "Pettersen, Joar Gullestad"]
[Result "0-1"]
[WhiteElo "2107"]
[BlackElo "2062"]
[PlyCount "94"]
[EventDate "2016.??.??"]

1. d4 Nf6 2. g3 e6 3. Bg2 d5 4. Nf3 b5 5. Ne5 Bb7 6. O-O Nbd7 7. c4 bxc4 8. Qa4
c6 9. Nxc6 Bxc6 10. Qxc6 Rc8 11. Qa6 Qc7 12. Bf4 Qc6 13. Qxc6 Rxc6 14. Rc1 Nb6
15. b3 Kd7 16. bxc4 Rxc4 17. Nd2 Rxc1+ 18. Rxc1 Bd6 19. Bxd6 Kxd6 20. Nb3 Rc8
21. Nc5 Rc7 22. f3 Nfd7 23. Nd3 Rxc1+ 24. Nxc1 Kc6 25. Kf2 Kb5 26. e3 Kb4 27.
Ke2 Kc3 28. Nd3 a5 29. Bf1 Nc4 30. Nc5 Ndb6 31. Nd3 a4 32. h4 a3 33. g4 Kc2 34.
Nb4+ Kc3 35. Nd3 Nb2 36. Ne1 N2a4 37. Nd3 Nb2 38. Ne1 N6c4 39. g5 Na4 40. Nd3
Nab2 41. Ne1 Na5 42. h5 Nb3 43. g6 hxg6 44. hxg6 f5 45. Nd3 Nxd3 46. Kd1 Nbc1
47. Bxd3 Nxd3
0-1

[Event "Fagernes Chess International"]
[Site "Thon Hotell Fagernes"]
[Date "2016.03.20"]
[Round "5"]
[White "Fossan, Andreas"]
[Black "Machlik, Monika"]
[Result "0-1"]
[WhiteElo "2069"]
[BlackElo "2055"]
[PlyCount "110"]
[EventDate "2016.??.??"]

1. d4 Nf6 2. c4 e6 3. Nf3 Bb4+ 4. Nbd2 d6 5. e3 O-O 6. Be2 c5 7. O-O Nc6 8. Nb3
Na5 9. Nxc5 Bxc5 10. dxc5 dxc5 11. Qc2 Nc6 12. a3 Qe7 13. b3 b6 14. Bb2 e5 15.
Rad1 Bb7 16. Nh4 Rad8 17. Nf5 Qe6 18. f4 exf4 19. exf4 Ne7 20. Ng3 Qe3+ 21. Kh1
Ne4 22. Bf3 Rxd1 23. Bxd1 Nxg3+ 24. hxg3 Qxg3 25. Qf2 Nf5 26. Kg1 Rd8 27. Bf3
Qxf2+ 28. Rxf2 Bxf3 29. Rxf3 h5 30. Be5 f6 31. Bc3 Kf7 32. Kh2 Rd1 33. Rf2 Rd3
34. Rc2 h4 35. b4 Ng3 36. bxc5 Rd1 37. Kh3 Rh1+ 38. Kg4 f5+ 39. Kf3 Rf1+ 40.
Ke3 bxc5 41. Be5 Rb1 42. Rb2 Rxb2 43. Bxb2 Ne4 44. Be5 Kg6 45. Ke2 Kh6 46. Bb8
a6 47. Ba7 Kh5 48. Bb8 Kg4 49. Bc7 Kg3 50. Bd8 Nf6 51. Kf1 Kxf4 52. Be7 Ne4 53.
Bxh4 g5 54. Be1 Ke3 55. a4 Nd2+
0-1

[Event "Fagernes Chess International"]
[Site "Thon Hotell Fagernes"]
[Date "2016.03.20"]
[Round "6"]
[White "Neiksans, Arturs"]
[Black "Shankland, Samuel L"]
[Result "1/2-1/2"]
[WhiteElo "2607"]
[BlackElo "2648"]
[PlyCount "24"]
[EventDate "2016.??.??"]

1. Nf3 c5 2. c4 Nc6 3. d4 cxd4 4. Nxd4 Nf6 5. Nc3 e6 6. a3 Be7 7. e4 O-O 8. Be2
d5 9. exd5 exd5 10. O-O Nxd4 11. Qxd4 dxc4 12. Qxc4 Be6
1/2-1/2

[Event "Fagernes Chess International"]
[Site "Thon Hotell Fagernes"]
[Date "2016.03.20"]
[Round "6"]
[White "Vovk, Andrey"]
[Black "Vovk, Yuri"]
[Result "1/2-1/2"]
[WhiteElo "2638"]
[BlackElo "2611"]
[PlyCount "28"]
[EventDate "2016.??.??"]

1. e4 e5 2. Nf3 Nc6 3. Bb5 a6 4. Ba4 Nf6 5. O-O Be7 6. Re1 b5 7. Bb3 d6 8. c3
O-O 9. h3 Bb7 10. d3 Re8 11. Nbd2 Bf8 12. Nf1 Na5 13. Bc2 c5 14. Ng3 g6
1/2-1/2

[Event "Fagernes Chess International"]
[Site "Thon Hotell Fagernes"]
[Date "2016.03.20"]
[Round "6"]
[White "Romanov, Evgeny"]
[Black "Salomon, Johan"]
[Result "1-0"]
[WhiteElo "2635"]
[BlackElo "2452"]
[PlyCount "121"]
[EventDate "2016.??.??"]

1. Nf3 Nf6 2. b3 g6 3. Bb2 Bg7 4. g3 O-O 5. Bg2 d6 6. O-O e5 7. c4 Re8 8. Nc3
c6 9. e4 Na6 10. d4 Bg4 11. d5 Qd7 12. Re1 c5 13. Qd3 Rf8 14. Qf1 Qd8 15. Nd1
Bd7 16. Nd2 Nb4 17. Ne3 Ng4 18. Nxg4 Bxg4 19. Rec1 Bd7 20. a3 Na6 21. Bc3 Qe7
22. b4 f5 23. exf5 gxf5 24. Re1 Rab8 25. Rab1 Kh8 26. b5 Nc7 27. b6 axb6 28.
Rxb6 Na8 29. Rb2 b6 30. Qe2 e4 31. Nb1 Rbe8 32. Rb3 Bd4 33. Rd1 Qf6 34. Qb2 Be5
35. Bxe5 Rxe5 36. Re3 b5 37. cxb5 Nb6 38. Ree1 Kg7 39. a4 Nxa4 40. Qb3 Nb6 41.
Nc3 Ra8 42. Bf1 Be8 43. Ra1 Rxa1 44. Rxa1 Bf7 45. Ra6 Qd8 46. Qb2 Kg8 47. Qa1
Re8 48. Bh3 e3 49. fxe3 Qg5 50. Nd1 f4 51. Rxb6 fxe3 52. Qc1 Qd8 53. Rc6 e2 54.
Ne3 Qa5 55. Kf2 e1=Q+ 56. Qxe1 Qxe1+ 57. Kxe1 Rxe3+ 58. Kd2 Rb3 59. b6 Bxd5 60.
Rxd6 Bf7 61. Bg2
1-0

[Event "Fagernes Chess International"]
[Site "Thon Hotell Fagernes"]
[Date "2016.03.20"]
[Round "6"]
[White "Getz, Nicolai"]
[Black "De Firmian, Nick E"]
[Result "1/2-1/2"]
[WhiteElo "2407"]
[BlackElo "2508"]
[PlyCount "92"]
[EventDate "2016.??.??"]

1. e4 c5 2. Nf3 d6 3. d4 cxd4 4. Nxd4 Nf6 5. Nc3 a6 6. h3 e6 7. g4 b5 8. g5
Nfd7 9. a3 Bb7 10. h4 Be7 11. Bh3 Nc5 12. Qe2 Nc6 13. Nxc6 Bxc6 14. O-O O-O 15.
b4 Nd7 16. f4 Re8 17. Qf2 Bf8 18. Be3 Qc7 19. Rad1 a5 20. f5 exf5 21. Nd5 Bxd5
22. Rxd5 axb4 23. Bxf5 Ne5 24. axb4 Ra3 25. Bf4 Nf3+ 26. Kh1 g6 27. Rd3 Rxd3
28. cxd3 gxf5 29. Qxf3 fxe4 30. dxe4 Qe7 31. Bxd6 Qxe4 32. Bg3 Bxb4 33. Qxe4
Rxe4 34. Rf5 Be1 35. Bxe1 Rxe1+ 36. Kg2 b4 37. Rb5 Re4 38. Kg3 Kg7 39. Rb6 Re3+
40. Kf4 Rb3 41. Kf5 Rb1 42. h5 h6 43. gxh6+ Kh7 44. Ke4 b3 45. Kd3 f6 46. Rxf6
Rh1
1/2-1/2

[Event "Fagernes Chess International"]
[Site "Thon Hotell Fagernes"]
[Date "2016.03.20"]
[Round "6"]
[White "Urkedal, Frode Olav Olsen"]
[Black "Johannessen, Leif E"]
[Result "1-0"]
[WhiteElo "2507"]
[BlackElo "2497"]
[PlyCount "57"]
[EventDate "2016.??.??"]

1. d4 d5 2. c4 c6 3. Nf3 Nf6 4. e3 e6 5. Nc3 a6 6. b3 Bb4 7. Bd2 Nbd7 8. Qc2
O-O 9. Bd3 Bd6 10. O-O e5 11. cxd5 cxd5 12. e4 exd4 13. Nxd5 Nxd5 14. exd5 h6
15. Qc4 Ne5 16. Nxe5 Bxe5 17. Rae1 Qc7 18. Qxc7 Bxc7 19. Bb4 Rd8 20. Re7 Bb6
21. a4 a5 22. Ba3 Bd7 23. Bc4 Rac8 24. d6 Be6 25. Rc1 d3 26. Rxe6 Rxc4 27. bxc4
fxe6 28. c5 Ba7 29. Rd1
1-0

[Event "Fagernes Chess International"]
[Site "Thon Hotell Fagernes"]
[Date "2016.03.20"]
[Round "6"]
[White "Løbersli, Henrik Øie"]
[Black "Meskovs, Nikita"]
[Result "0-1"]
[WhiteElo "2134"]
[BlackElo "2469"]
[PlyCount "72"]
[EventDate "2016.??.??"]

1. Nf3 Nf6 2. g3 g6 3. Bg2 Bg7 4. O-O O-O 5. d4 d6 6. c4 c6 7. Nc3 Qb6 8. b3
Na6 9. Bb2 Re8 10. e4 e5 11. h3 exd4 12. Nxd4 Nc5 13. Re1 Nfd7 14. Nf3 Ne5 15.
Nxe5 dxe5 16. Qc2 h5 17. h4 Rd8 18. Bf1 Bg4 19. Bc1 Ne6 20. Ne2 Bf8 21. Be3 Bc5
22. Bxc5 Qxc5 23. Qc3 a5 24. Kg2 Bxe2 25. Bxe2 b5 26. Red1 b4 27. Qe3 Nd4 28.
Rd2 Kg7 29. Rad1 Qe7 30. f4 exf4 31. gxf4 Nf5 32. Qf2 Rxd2 33. Rxd2 Qxe4+ 34.
Bf3 Qxf4 35. Bxc6 Qg4+ 36. Kh2 Ra6
0-1

[Event "Fagernes Chess International"]
[Site "Thon Hotell Fagernes"]
[Date "2016.03.20"]
[Round "6"]
[White "Hauge, Lars Oskar"]
[Black "Christiansen, Johan-Sebastian"]
[Result "1/2-1/2"]
[WhiteElo "2393"]
[BlackElo "2401"]
[PlyCount "119"]
[EventDate "2016.??.??"]

1. b3 d5 2. Bb2 Bg4 3. g3 Nc6 4. d4 Nf6 5. Bg2 e6 6. Nd2 Bd6 7. Ngf3 Qe7 8. c4
Ba3 9. Bxa3 Qxa3 10. O-O Rd8 11. Qc1 Qe7 12. Qb2 O-O 13. Rfe1 Ne4 14. Rad1 Qf6
15. cxd5 exd5 16. b4 a6 17. Nf1 Rfe8 18. Ne3 Bh5 19. Rf1 Qe6 20. Ne5 f6 21.
Nxc6 Qxc6 22. Rc1 Qb6 23. Rc2 c6 24. a4 Bg6 25. b5 axb5 26. axb5 cxb5 27. Qb3
Qxd4 28. Rd1 Qa4 29. Qb2 d4 30. Ra1 dxe3 31. fxe3 Rd1+ 32. Rxd1 Nc3 33. Qxc3
Qxc2 34. Qxc2 Bxc2 35. Rd7 Rxe3 36. Bd5+ Kf8 37. Rf7+ Ke8 38. Rxb7 Rxe2 39.
Rxb5 Kd7 40. Rb7+ Kd6 41. Bf3 Re7 42. Rxe7 Kxe7 43. h4 Ke6 44. Kf2 Ke5 45. Ke3
h6 46. Be2 g6 47. Bf3 Bf5 48. Be2 Be4 49. Bg4 g5 50. hxg5 hxg5 51. Bc8 Bd5 52.
Bg4 Be6 53. Be2 f5 54. Bb5 Bd5 55. Be2 Bb3 56. Bd3 Bd1 57. Ba6 Kf6 58. Bc8 Kg6
59. Bd7 Bc2 60. Be8+
1/2-1/2

[Event "Fagernes Chess International"]
[Site "Thon Hotell Fagernes"]
[Date "2016.03.20"]
[Round "6"]
[White "Houska, Jovanka"]
[Black "Haugli, Petter"]
[Result "1-0"]
[WhiteElo "2387"]
[BlackElo "2244"]
[PlyCount "81"]
[EventDate "2016.??.??"]

1. d4 Nf6 2. Nf3 c5 3. e3 g6 4. dxc5 Qa5+ 5. Bd2 Qxc5 6. c4 Bg7 7. Bc3 O-O 8.
Nbd2 d6 9. Be2 Qc7 10. Rc1 Nc6 11. O-O Bd7 12. h3 Rac8 13. b4 Qb8 14. Qb3 a6
15. a4 Nd8 16. a5 Ne6 17. Rfd1 Rfd8 18. Bb2 Bc6 19. Qa3 Qa7 20. Nd4 Nxd4 21.
Bxd4 Qa8 22. Nf3 Bxf3 23. Bxf3 Nd7 24. Bxg7 Kxg7 25. c5 Ne5 26. Be4 Qb8 27.
cxd6 Rxd6 28. Rxd6 exd6 29. Bd5 f6 30. f4 Rxc1+ 31. Qxc1 Nc6 32. Qc3 Ne7 33.
Be6 b6 34. g4 bxa5 35. g5 Ng8 36. bxa5 Qb1+ 37. Kf2 Qb7 38. h4 Qe7 39. Qc8 Qf8
40. Qxa6 fxg5 41. hxg5
1-0

[Event "Fagernes Chess International"]
[Site "Thon Hotell Fagernes"]
[Date "2016.03.20"]
[Round "6"]
[White "Kaasen, Tor Fredrik"]
[Black "Gandrud, Vegar Koi"]
[Result "0-1"]
[WhiteElo "2209"]
[BlackElo "2300"]
[PlyCount "104"]
[EventDate "2016.??.??"]

1. d4 Nf6 2. Bg5 g6 3. Bxf6 exf6 4. e3 f5 5. g3 d6 6. Bg2 Nd7 7. Ne2 Nf6 8. O-O
h5 9. c4 Bh6 10. Nbc3 O-O 11. Qd3 c6 12. b4 Bd7 13. a4 h4 14. a5 hxg3 15. hxg3
Qe7 16. b5 Rac8 17. Rfb1 f4 18. Nxf4 Bxf4 19. gxf4 Ng4 20. e4 Qf6 21. f3 Nh6
22. bxc6 bxc6 23. Rb7 Be6 24. Rxa7 Qxf4 25. d5 cxd5 26. cxd5 Qe5 27. Ra3 Qg5
28. Kf1 Nf5 29. Ne2 Rc1+ 30. Nxc1 Qxc1+ 31. Kf2 Qc5+ 32. Ke1 Qc1+ 33. Ke2 Rc8
34. Ra8 Qb2+ 35. Ke1 Rxa8 36. Rb3 Qxg2 37. dxe6 Qg1+ 38. Qf1 Qxf1+ 39. Kxf1 Nd4
40. exf7+ Kxf7 41. Rb7+ Ke6 42. Rg7 Kf6 43. Rd7 Nb5 44. Kf2 Rxa5 45. Kg3 Ra6
46. f4 g5 47. Kg4 gxf4 48. Kxf4 Ra4 49. Kf3 Nd4+ 50. Ke3 Ke5 51. Kd3 Ne6 52.
Re7 Rd4+
0-1

[Event "Fagernes Chess International"]
[Site "Thon Hotell Fagernes"]
[Date "2016.03.20"]
[Round "6"]
[White "Ranaldi, Lucas"]
[Black "Haug, Johannes"]
[Result "1/2-1/2"]
[WhiteElo "2132"]
[BlackElo "2267"]
[PlyCount "139"]
[EventDate "2016.??.??"]

1. Nf3 Nf6 2. c4 b6 3. g3 Bb7 4. Bg2 g6 5. O-O Bg7 6. Nc3 O-O 7. d4 Ne4 8. Nxe4
Bxe4 9. Bd2 d6 10. Bc3 Nd7 11. Qd2 e6 12. Rfd1 h6 13. b3 Qe7 14. Qb2 Bb7 15.
Rac1 a5 16. a3 Ra7 17. d5 e5 18. Nd2 f5 19. Rf1 Bf6 20. e4 f4 21. Bh3 Nc5 22.
Qc2 Bc8 23. Bxc8 Rxc8 24. b4 axb4 25. axb4 Nd7 26. Ra1 Rca8 27. Kg2 Qf8 28. Qb2
fxg3 29. fxg3 Rxa1 30. Rxa1 Bg5 31. Rf1 Qg7 32. Nf3 Rf8 33. Qe2 Bd8 34. h3 Nf6
35. Bd2 Nh5 36. Nh2 Rxf1 37. Qxf1 Bg5 38. Bxg5 hxg5 39. Ng4 Qe7 40. Qf2 Kg7 41.
Qf3 Qd8 42. Qa3 Nf6 43. Nxf6 Kxf6 44. Qa7 Qe7 45. Qb8 Kg7 46. Qc8 Qf7 47. Qd8
g4 48. hxg4 Kh7 49. g5 Kg7 50. Qf6+ Qxf6 51. gxf6+ Kxf6 52. Kh2 Kg5 53. Kh3 Kh5
54. g4+ Kg5 55. Kg3 Kh6 56. Kh4 g5+ 57. Kg3 Kg6 58. Kf3 Kf6 59. Ke3 Ke7 60. Kd3
Kd7 61. Kc3 Kc8 62. Kb2 Kb7 63. Ka3 Ka7 64. Ka2 Kb7 65. Ka3 Ka7 66. Kb3 Kb7 67.
Ka4 Ka6 68. Kb3 Kb7 69. Ka4 Ka6 70. b5+
1/2-1/2

[Event "Fagernes Chess International"]
[Site "Thon Hotell Fagernes"]
[Date "2016.03.20"]
[Round "6"]
[White "Dahl, Trygve"]
[Black "Bjerke, Richard"]
[Result "1/2-1/2"]
[WhiteElo "2201"]
[BlackElo "2109"]
[PlyCount "98"]
[EventDate "2016.??.??"]

1. d4 e6 2. e4 d5 3. Nc3 Nf6 4. Bg5 dxe4 5. Nxe4 Be7 6. Bxf6 gxf6 7. Nf3 f5 8.
Nc3 a6 9. g3 b5 10. Bg2 Bb7 11. O-O O-O 12. Re1 c5 13. Ne2 Nd7 14. Nf4 Nf6 15.
Qe2 Qb6 16. Rad1 Rfd8 17. Ne5 Bxg2 18. dxc5 Bxc5 19. Kxg2 Rxd1 20. Rxd1 Bd4 21.
Nfd3 Rd8 22. c3 Bxe5 23. Nxe5 Qb7+ 24. f3 Rd5 25. Rxd5 Qxd5 26. Qe3 h6 27. Nd3
Ng4 28. Qe2 Nf6 29. Nb4 Qb7 30. Qe5 Kg7 31. Qd6 a5 32. Nc6 Qb6 33. b4 axb4 34.
cxb4 Qa6 35. Qc7 Qxa2+ 36. Kh3 Qc4 37. Qb7 Qf1+ 38. Kh4 Qxf3 39. Qxf7+ Kxf7 40.
Ne5+ Ke7 41. Nxf3 Nd5 42. Kh5 Nxb4 43. Nd4 Nd5 44. Nxb5 Nf6+ 45. Kxh6 Ng4+ 46.
Kg5 Nxh2 47. Nd4 Nf1 48. Nxf5+ exf5 49. Kxf5 Nxg3+
1/2-1/2

[Event "Fagernes Chess International"]
[Site "Thon Hotell Fagernes"]
[Date "2016.03.20"]
[Round "6"]
[White "Kjølberg, Jens Hjorth"]
[Black "Risting, Eivind Olav"]
[Result "1-0"]
[WhiteElo "2164"]
[BlackElo "2102"]
[PlyCount "80"]
[EventDate "2016.??.??"]

1. e4 e6 2. d4 d5 3. Nd2 h6 4. Bd3 Nf6 5. e5 Nfd7 6. Ne2 c5 7. c3 Nc6 8. O-O
Qb6 9. Nf3 g5 10. h3 Be7 11. Bc2 Qc7 12. Be3 b6 13. Re1 Ba6 14. Bd3 c4 15. Bc2
O-O-O 16. b3 Rdg8 17. Nd2 b5 18. a4 Nb6 19. axb5 Bxb5 20. b4 h5 21. g3 f5 22.
exf6 Bxf6 23. Nf3 Kb7 24. g4 h4 25. Qd2 Qd8 26. Nh2 Re8 27. f4 gxf4 28. Nxf4 e5
29. dxe5 Bxe5 30. Nf3 Qf6 31. Nxe5 Nxe5 32. Rf1 Qd6 33. Bc5 Qh6 34. Qg2 Bc6 35.
Bd4 Rhg8 36. Ra5 Rg5 37. b5 Bd7 38. Nxd5 Kb8 39. Nxb6 Bc6 40. bxc6 Nxc6
1-0

[Event "Fagernes Chess International"]
[Site "Thon Hotell Fagernes"]
[Date "2016.03.20"]
[Round "6"]
[White "Pettersen, Joar Gullestad"]
[Black "Gutsko, Anastasia"]
[Result "1-0"]
[WhiteElo "2062"]
[BlackElo "2154"]
[PlyCount "67"]
[EventDate "2016.??.??"]

1. e4 c6 2. d4 d5 3. Nc3 dxe4 4. Nxe4 Nd7 5. Ng5 Ngf6 6. Bd3 e6 7. N1f3 Bd6 8.
Qe2 h6 9. Ne4 Nxe4 10. Qxe4 Nf6 11. Qe2 b6 12. Bd2 Qc7 (12... Qe7 13. Ne5 Bb7
14. f4 c5) 13. Ne5 Bb7 14. f4 c5 15. dxc5 Qxc5 16. O-O-O Rc8 17. Kb1 Ke7 18.
Rhe1 Rhd8 19. Bc1 (19. b4 Kf8 20. g4 a6 21. g5 hxg5 22. Nxf7 Kxf7) 19... Kf8
20. g4 a6 21. g5 hxg5 22. Nxf7 Kxf7 23. Qxe6+ Kf8 24. fxg5 Bd5 25. Qh3 Ng8 26.
Rf1+ Bf7 27. g6 Nf6 28. Qh8+ Bg8 29. Bh6 Be5 30. Bxg7+ Ke8 31. Bxf6 Bxf6 32.
Bb5+ axb5 33. Rfe1+ Be5 34. Qxg8+
1-0

[Event "Fagernes Chess International"]
[Site "Thon Hotell Fagernes"]
[Date "2016.03.20"]
[Round "6"]
[White "Machlik, Monika"]
[Black "Darnell, Anton"]
[Result "0-1"]
[WhiteElo "2055"]
[BlackElo "2110"]
[PlyCount "70"]
[EventDate "2016.??.??"]

1. d4 e6 2. c4 Nf6 3. Nc3 Bb4 4. Qc2 d5 5. a3 Bxc3+ 6. Qxc3 c5 7. dxc5 d4 8.
Qg3 Nc6 9. Nf3 O-O 10. Bh6 Nh5 11. Qg5 Qxg5 12. Bxg5 e5 13. e4 a5 14. b3 h6 15.
Bd2 Nf6 16. Bd3 Nd7 17. Ke2 Nxc5 18. b4 Nb3 19. Rab1 Nxd2 20. Nxd2 axb4 21.
axb4 Be6 22. b5 Nb8 23. Ra1 Nd7 24. Nb3 Rfc8 25. Na5 Nc5 26. Rhb1 Bd7 27. Nb3
Rxa1 28. Nxa1 Na4 29. Rb4 Ra8 30. Nc2 Nc5 31. Rb1 Ra2 32. Ra1 Rb2 33. f3 Be6
34. Ra8+ Kh7 35. Ra3 Bxc4
0-1

[Event "Fagernes Chess International"]
[Site "Thon Hotell Fagernes"]
[Date "2016.03.20"]
[Round "6"]
[White "Hølleland, Sigve"]
[Black "Grønnestad, Anita"]
[Result "0-1"]
[WhiteElo "2107"]
[BlackElo "1957"]
[PlyCount "80"]
[EventDate "2016.??.??"]

1. c4 Nf6 2. Nc3 e6 3. g3 d5 4. d4 Be7 5. Bg2 O-O 6. Nf3 dxc4 7. Ne5 Nc6 8.
Nxc6 bxc6 9. O-O Nd5 10. Ne4 Rb8 11. Qc2 Nb4 12. Qc3 Ba6 13. Nc5 Nd5 14. Qa5
Bxc5 15. dxc5 Qc8 16. Qd2 Rd8 17. Qc2 Qb7 18. Qe4 c3 19. bxc3 Nxc3 20. Qe5
Nxe2+ 21. Kh1 Nxc1 22. Rfxc1 Rd2 23. Rd1 Rbd8 24. Rxd2 Rxd2 25. Qe4 Qc8 26.
Qxc6 Rxf2 27. Rd1 h6 28. Kg1 Rxa2 29. Be4 g6 30. Rd7 Ra1+ 31. Kf2 Qb8 32. Rd2
Qb4 33. Rd8+ Kg7 34. Qe8 Qe1+ 35. Kf3 Ra3+ 36. Kf4 Qf2+ 37. Kg4 Be2+ 38. Kh3
Bf1+ 39. Kg4 h5+ 40. Kg5 Qf6#
0-1

[Event "Fagernes Chess International"]
[Site "Thon Hotell Fagernes"]
[Date "2016.03.20"]
[Round "6"]
[White "Machlik, Edit"]
[Black "Fossan, Andreas"]
[Result "0-1"]
[WhiteElo "2056"]
[BlackElo "2069"]
[PlyCount "144"]
[EventDate "2016.??.??"]

1. d4 d5 2. c4 c6 3. Nc3 dxc4 4. e4 b5 5. a4 b4 6. Na2 Nf6 7. e5 Nd5 8. Bxc4 e6
9. Nf3 a5 10. Be3 Ba6 11. Qe2 Be7 12. O-O O-O 13. Nc1 c5 14. Nb3 Bxc4 15. Qxc4
Nd7 16. Nfd2 Qc7 17. Rfc1 Rfc8 18. Qe2 Qa7 19. Nc4 Nxe3 20. fxe3 Qc7 21. Rc2
cxd4 22. exd4 Bg5 23. Rf1 h6 24. Qf2 Nb6 25. Nc5 Nxc4 26. Rxc4 Qe7 27. Rc2 Ra7
28. Re2 Rac7 29. Re4 h5 30. h4 Bh6 31. g3 Rc6 32. Kg2 R6c7 33. Kh3 Rd8 34. Re2
Rd5 35. Ne4 Rd8 36. Nc5 Rd5 37. Ne4 Rd8 38. Nd6 Rxd6 39. exd6 Qxd6 40. Re4 Qc6
41. Re5 Qxa4 42. Rc5 Qd7 43. Kh2 b3 44. Qf3 Rb7 45. Rxa5 Rb8 46. Rxh5 f5 47. d5
Rc8 48. Qxb3 Qf7 49. Qf3 Rc2+ 50. Kh3 exd5 51. Rxf5 Qd7 52. Qg4 Kh7 53. h5 Qe6
54. R5f2 Qxg4+ 55. Kxg4 Rc4+ 56. Kf3 d4 57. Rd1 Be3 58. Re2 Kh6 59. g4 Rb4 60.
Rd3 Rc4 61. b3 Rb4 62. Ra2 Rb6 63. Ra1 Rf6+ 64. Kg3 Kg5 65. Ra5+ Kh6 66. b4
Bf2+ 67. Kg2 Be3 68. b5 Rf2+ 69. Kg3 Rb2 70. Ra6+ Kh7 71. Rb6 Bf2+ 72. Kf3 Bh4
{Time}
0-1

[Event "Fagernes Chess International"]
[Site "Thon Hotell Fagernes"]
[Date "2016.03.20"]
[Round "7"]
[White "Shankland, Samuel L"]
[Black "Romanov, Evgeny"]
[Result "1/2-1/2"]
[WhiteElo "2648"]
[BlackElo "2635"]
[PlyCount "90"]
[EventDate "2016.??.??"]

1. e4 e5 2. Nf3 Nc6 3. Bb5 a6 4. Ba4 Nf6 5. O-O Be7 6. Re1 b5 7. Bb3 d6 8. c3
O-O 9. h3 Na5 10. Bc2 c5 11. d4 Nd7 12. d5 Nb6 13. Nbd2 Qe8 14. b4 Nb7 15. bxc5
Nxc5 16. Ba3 Nca4 17. c4 Nc3 18. Qc1 bxc4 19. Bb4 Nca4 20. Qa3 c3 21. Nb1 Bd7
22. Nxe5 Bb5 23. Nf3 Nc4 24. Qc1 a5 25. Bxc3 Nxc3 26. Nxc3 Bd7 27. Bd3 Rc8 28.
Bxc4 Rxc4 29. Qe3 Bf6 30. Rac1 Qc8 31. Nb1 Re8 32. Na3 Rc3 33. Rxc3 Qxc3 34.
Nb1 Qxe3 35. Rxe3 a4 36. Nbd2 Rc8 37. e5 dxe5 38. Nxe5 Rc1+ 39. Kh2 Bxe5+ 40.
Rxe5 Rc2 41. Re7 Rxd2 42. Rxd7 g6 43. d6 Rxa2 44. Ra7 Rd2 45. Rxa4 Rxd6 
1/2-1/2

[Event "Fagernes Chess International"]
[Site "Thon Hotell Fagernes"]
[Date "2016.03.20"]
[Round "7"]
[White "Urkedal, Frode Olav Olsen"]
[Black "Vovk, Andrey"]
[Result "0-1"]
[WhiteElo "2507"]
[BlackElo "2638"]
[PlyCount "50"]
[EventDate "2016.??.??"]

1. d4 f5 2. Bg5 h6 3. Bh4 g5 4. e3 Nf6 5. Bg3 d6 6. h4 Rg8 7. hxg5 hxg5 8. c4
Na6 9. Nc3 c5 10. Be2 Qb6 11. Qd2 cxd4 12. exd4 f4 13. Bh2 Bf5 14. g3 g4 15.
gxf4 Nb4 16. Kf1 Nc2 17. Rd1 Qxb2 18. Bg3 Rc8 19. Rh4 Qb4 20. Rb1 Ne4 21. Qxc2
Qxb1+ 22. Qxb1 Nd2+ 23. Kg2 Nxb1 24. Nxb1 Bxb1 25. Bxg4 Rxg4 
0-1

[Event "Fagernes Chess International"]
[Site "Thon Hotell Fagernes"]
[Date "2016.03.20"]
[Round "7"]
[White "Vovk, Yuri"]
[Black "Getz, Nicolai"]
[Result "0-1"]
[WhiteElo "2611"]
[BlackElo "2407"]
[PlyCount "112"]
[EventDate "2016.??.??"]

1. d4 Nf6 2. c4 e6 3. Nf3 d5 4. g3 Be7 5. Bg2 O-O 6. Qc2 c5 7. dxc5 Qa5+ 8.
Nbd2 Qxc5 9. a3 a5 10. b3 Nc6 11. Bb2 e5 12. e3 d4 13. Qd3 dxe3 14. Qxe3 Qxe3+
15. fxe3 Ng4 16. Ke2 Bc5 17. Ne4 Ba7 18. Bh3 Nxe3 19. Bxc8 Raxc8 20. c5 Nc2 21.
Rac1 N2d4+ 22. Bxd4 Nxd4+ 23. Nxd4 exd4 24. b4 axb4 25. axb4 Bb8 26. Kd3 f5 27.
Ng5 f4 28. Ne6 Rf6 29. Nxf4 Bxf4 30. gxf4 Rxf4 31. Rhe1 Kf7 32. Re5 Rd8 33.
Rce1 Rd7 34. b5 Rf3+ 35. Ke4 Rf6 36. Rd1 Rh6 37. Kd3 Rh3+ 38. Kc4 Rxh2 39. Rf1+
Kg6 40. Re6+ Kg5 41. Rd6 Rc7 42. Rd5+ Kh6 43. b6 Re7 44. Rxd4 Rc2+ 45. Kb4 g5
46. Rfd1 Kg6 47. Rd6+ Kf7 48. Kb5 g4 49. R1d4 g3 50. Rg4 g2 51. Rh6 Rb2+ 52.
Kc4 Re4+ 53. Rxe4 g1=Q 54. Rxh7+ Kg6 55. Rc7 Qf1+ 56. Kd5 Qf5+ 
0-1

[Event "Fagernes Chess International"]
[Site "Thon Hotell Fagernes"]
[Date "2016.03.20"]
[Round "7"]
[White "Lie, Kjetil A."]
[Black "Neiksans, Arturs"]
[Result "1/2-1/2"]
[WhiteElo "2535"]
[BlackElo "2607"]
[PlyCount "93"]
[EventDate "2016.??.??"]

1. e4 c5 2. Nf3 d6 3. Bb5+ Nd7 4. d4 cxd4 5. Qxd4 a6 6. Bxd7+ Bxd7 7. c4 e5 8.
Qd3 h6 9. Nc3 Nf6 10. O-O Be7 11. b3 O-O 12. Rd1 Qa5 13. Bd2 Qc7 14. Rac1 Qb8
15. Ne1 b5 16. Nc2 bxc4 17. bxc4 Rc8 18. Ne3 Be6 19. Ncd5 Nxd5 20. Nxd5 Bxd5
21. exd5 Ra7 22. Be3 Rd7 23. Rc3 Qc7 24. Rb1 Ra8 25. Rb6 Qc8 26. h3 Rb8 27.
Rcb3 Rxb6 28. Rxb6 Bg5 29. Bxg5 hxg5 30. Qb1 Rd8 31. Rc6 Qd7 32. Qb6 Kh7 33. g4
Qe7 34. Rc7 Qf6 35. Rxf7 Qxf7 36. Qxd8 Qg6 37. Qf8 Qb1+ 38. Kg2 Qe4+ 39. Kh2
Qxc4 40. Qxd6 Qxa2 41. Kg2 e4 42. Qe5 e3 43. Qf5+ g6 44. Qf7+ Kh6 45. Qf8+ Kh7
46. Qf7+ Kh6 47. Qf8+ 
1/2-1/2

[Event "Fagernes Chess International"]
[Site "Thon Hotell Fagernes"]
[Date "2016.03.20"]
[Round "7"]
[White "De Firmian, Nick E"]
[Black "Houska, Jovanka"]
[Result "1/2-1/2"]
[WhiteElo "2508"]
[BlackElo "2387"]
[PlyCount "58"]
[EventDate "2016.??.??"]

1. e4 c6 2. c4 d5 3. exd5 cxd5 4. cxd5 Nf6 5. Nc3 Nxd5 6. Nf3 e6 7. d4 Be7 8.
Bd3 O-O 9. O-O Nf6 10. Re1 b6 11. Bc2 Bb7 12. Qd3 Nbd7 13. Bg5 Re8 14. Rad1 a6
15. h4 Nf8 16. Ne5 Nd5 17. Bxe7 Qxe7 18. Qg3 Nxc3 19. bxc3 Qc7 20. f4 h5 21.
Re3 Bd5 22. Bb1 b5 23. Rf1 Re7 24. Qf2 f5 25. Qe2 g6 26. Rg3 Rg7 27. a4 Qd8 28.
Ba2 Be4 29. Bb1 Bd5 
1/2-1/2